00490nam a2200145Ia 4500008004100000020001800041041000800059082001900067100001900086245014600105250000600251260006500257300001300322650000900335210716s2018 xx 000 0 und d a9789352137145 aeng a005.76812 SLER aSleeper, Ryan. aPractical tableau: 100 tips tutorials and strategies from a tableau zen master.b100 tips tutorials and strategies from a tableau zen master. a1 aNew DelhibShroff Publishers and Distributors Pvt Ltdc2018 axxi, 599 aNone